| 000 | 01602nam a22004097a 4500 | ||
|---|---|---|---|
| 003 | CHAP | ||
| 005 | 20220329143318.0 | ||
| 008 | 080513d2007 mx r 00110 spa d | ||
| 010 | _a94800 | ||
| 011 | _a95772 | ||
| 035 | _a106402 | ||
| 040 | _cCHAP | ||
| 090 | _aTesis | ||
| 100 | 1 |
_aReséndiz Salinas, Sandra. _996143 |
|
| 245 | 1 | 0 |
_aPropuesta de un programa de certificación en buenas prácticas agrícolas para zarzamora (Rubus spp) en los Reyes, Michoacán _c/por Sandra Reséndiz Salinas |
| 260 |
_aChapingo, Méx. : _bEl autor, _c2007 |
||
| 300 |
_a75 h. : _bilus. ; cuadros ; diagrama |
||
| 502 | _aTesis (Ing. Agr. Esp. en Fitotecnia) -- UACH. Departamento de Fitotecnia | ||
| 530 | _aTambién disponible en línea | ||
| 590 |
_aALEPH _b10 _c20130110 _lUCH01 _h1522 |
||
| 590 |
_aBATCH-UPD _b10 _c20130110 _lUCH01 _h0844 |
||
| 590 |
_aBATCH-UPD _b10 _c20130410 _lUCH01 _h0518 |
||
| 590 |
_aBATCH-UPD _b10 _c20130914 _lUCH01 _h0215 |
||
| 590 |
_aBATCH-UPD _b10 _c20140324 _lUCH01 _h1506 |
||
| 590 |
_aBATCH-UPD _b10 _c20141002 _lUCH01 _h0836 |
||
| 590 |
_aCONVERSION _b10 _c20130109 _lUCH01 _h1352 |
||
| 650 | 0 | 4 |
_aCalidad _xNormas. _917489 |
| 650 | 1 | 4 |
_aAlimentos _xNormas de calidad. _94256 |
| 650 | 1 | 4 |
_aExportación e importación. _939074 |
| 650 | 1 | 4 |
_aInocuidad alimentaria. _958836 |
| 650 | 1 | 4 |
_aZarzamora. _9123730 |
| 856 |
_3Finding aid _uhttp://10.13.5.2/tesis/106402.pdf _zTeclea aqui |
||
| 901 | _aBK | ||
| 942 | _cFOLL | ||
| 949 |
_aTesis _bBC _cTES _d33724002041074 _eTS1 _gDonaciØn _h47652 _i106402 _sb |
||
| 949 |
_aTesis _bBC _cTES _d33724002041439 _eTS2 _fc.2 _gDonaciØn _h47653 _i106402 _si |
||
| 999 |
_c94800 _d94800 |
||